Constructive conservation in practice (Record no. 108814)
[ view plain ]
| 000 -LEADER | |
|---|---|
| fixed length control field | 01677cad a22002055a 4500 |
| 001 - CONTROL NUMBER | |
| control field | L145512 |
| 008 - FIXED-LENGTH DATA ELEMENTS--GENERAL INFORMATION | |
| fixed length control field | 081017s2008 xxko f 000 0 eng d |
| 035 ## - SYSTEM CONTROL NUMBER | |
| System control number | (Sirsi) u145512 |
| 041 0# - LANGUAGE CODE | |
| Language code of text/sound track or separate title | eng |
| 050 04 - LIBRARY OF CONGRESS CALL NUMBER | |
| Classification number | 690.241 $2 18 |
| 110 2# - MAIN ENTRY--CORPORATE NAME | |
| Corporate name or jurisdiction name as entry element | English Heritage |
| 9 (RLIN) | 2714 |
| 245 00 - TITLE STATEMENT | |
| Title | Constructive conservation in practice |
| Medium | [electronic resource] |
| 260 ## - PUBLICATION, DISTRIBUTION, ETC. | |
| Place of publication, distribution, etc. | Swindon |
| Name of publisher, distributor, etc. | English Heritage |
| Date of publication, distribution, etc. | 2008 |
| 520 ## - SUMMARY, ETC. | |
| Summary, etc. | Presents twenty projects of conservation of built historic places. These case studies were selected as good examples of constructive conservation. Gives an overview of the work done to save these historic places (some were formerly at risk) and their current or future use. They are: Lake Shore development in Bristol; Princesshay in Exeter; West Front Bury, St Edmunds Abbey in Suffolk; Park Hill in Sheffield; Molineux Hotel in Wolverhampton; the Midland Hotel in Morecambe; Royal Clarence Yard in Gosport; Snape Malting in Aldeburgh; Cooper's Studios in Newcastle upon Tyne; Roundhouse in Derby; the Royal Shakespeare Theatre in Stratford-upon-Avon; the Gorton Monastery in Manchester; Blencowe Hall in Penrith; Crystal Palace in London; Graylingwell Hospital in Chichester, Clore Learning Centre in Hampton Court in London; Regent Palace Hotel in London; Bayshill House in Cheltenham; The Bluecoat in Liverpool, and King's Cross Central in London. |
| 590 ## - LOCAL NOTE (RLIN) | |
| Local note | KA |
| 651 #4 - SUBJECT ADDED ENTRY--GEOGRAPHIC NAME | |
| Geographic name | United Kingdom |
| Chronological subdivision | |
| 690 ## - LOCAL SUBJECT ADDED ENTRY--TOPICAL TERM (OCLC, RLIN) | |
| Topical term or geographic name as entry element | BUILT ENVIRONMENT-BUILDING MAINTENANCE AND REFURBISHMENT-BUILDING CONSERVATION |
| 856 40 - ELECTRONIC LOCATION AND ACCESS | |
| Uniform Resource Identifier | <a href="https://www.english-heritage.org.uk/publications/constructive-conservation-in-practice/">https://www.english-heritage.org.uk/publications/constructive-conservation-in-practice/</a> |
| Public note | View the item free of charge at www.english-heritage.org.uk... |
| 942 ## - ADDED ENTRY ELEMENTS (KOHA) | |
| Suppress in OPAC | 0 |
| Withdrawn status | Lost status | Source of classification or shelving scheme | Damaged status | Not for loan | Home library | Current library | Shelving location | Date acquired | Total Checkouts | Full call number | Barcode | Date last seen | Copy number | Price effective from | Koha item type |
|---|---|---|---|---|---|---|---|---|---|---|---|---|---|---|---|
| Dewey Decimal Classification | Virtual | Virtual | Online | 17/10/2008 | ONLINE PUBLICATION | 145512-2001 | 06/08/2019 | 1 | 06/08/2019 | Book |